Polish alphabet - Statistics

General Stats
  • This quiz has been taken 200 times
  • The average score is 29 of 32
Answer Stats
Number letter % Correct
1 A
100%
3 B
95%
4 C
95%
2 Ą
94%
6 D
94%
7 E
94%
5 Ć
93%
8 Ę
93%
9 F
93%
10 G
93%
11 H
93%
12 I
93%
13 J
92%
14 K
92%
15 L
92%
16 Ł
92%
17 M
92%
18 N
92%
20 O
92%
21 Ó
92%
22 P
92%
19 Ń
91%
23 R
90%
24 S
90%
25 Ś
90%
26 T
89%
27 U
89%
28 W
88%
30 Z
88%
31 Ź
88%
32 Ż
88%
29 Y
87%
No matching quizzes found
Score Distribution
Percent of People with Each Score
Percentile by Number Answered
Your Score History
You have not taken this quiz